[Event "Belgrade Spring op"]
[Site "Belgrade"]
[Date "2008.03.28"]
[Round "4"]
[White "Carnic, Dejan"]
[Black "Jedjini, Pavel"]
[Result "1-0"]
[WhiteElo "2162"]
[BlackElo "1948"]
[PlyCount "114"]
[EventDate "2008.03.25"]
[EventType "swiss"]
[EventRounds "9"]
[EventCountry "YUG"]
[SourceTitle "CBM 123 Extra"]
[Source "ChessBase"]
[SourceDate "2008.05.06"]
[SourceVersion "1"]
[SourceVersionDate "2008.05.06"]
[SourceQuality "1"]

1. e4 e6 2. d4 d5 3. Nc3 Nf6 4. Bg5 dxe4 5. Nxe4 Be7 6. Bxf6 gxf6 7. Nf3 b6 8. Bb5+ c6 9. Bc4 Bb7 10. Qe2 Qc7 11. 0-0-0 Nd7 12. Kb1 0-0-0 13. Ba6 Bxa6 14. Qxa6+ Kb8 15. Qe2 Rhe8 16. c4 Nf8 17. g3 Ng6 18. Nc3 Bb4 19. Ne4 Be7 20. h4 e5 21. h5 Nf8 22. d5 f5 23. Nc3 Bb4 24. dxc6 Bxc3 25. bxc3 f6 26. Nh4 Qxc6 27. Nxf5 Ne6 28. Ne3 Qe4+ 29. Qc2 Nc5 30. Qxe4 Nxe4 31. Kc2 Nxf2 32. Rxd8+ Rxd8 33. Rf1 Ne4 34. Nd5 Nxg3 35. Rxf6 Nxh5 36. Rf5 Nf4 37. Rxe5 Ng6 38. Rh5 Nf8 39. Rf5 Ne6 40. Rf7 Ng5 41. Rg7 h6 42. Nb4 Rc8 43. Na6+ Ka8 44. Nc7+ Kb8 45. Nb5 a6 46. Nd6 Rc7 47. Rg6 Nf3 48. Rxh6 Ka7 49. Re6 Ng5 50. Rf6 Nh7 51. Rf5 Rg7 52. Kb3 Rc7 53. a4 Rd7 54. Ne4 Rc7 55. a5 bxa5 56. c5 Kb7 57. Kc4 Rd7 1-0

[Event "Belgrade Spring op"]
[Site "Belgrade"]
[Date "2008.03.26"]
[Round "2"]
[White "Rajcevic, Stevan"]
[Black "Jedjini, Pavel"]
[Result "1/2-1/2"]
[WhiteElo "2154"]
[BlackElo "1948"]
[PlyCount "85"]
[EventDate "2008.03.25"]
[EventType "swiss"]
[EventRounds "9"]
[EventCountry "YUG"]
[SourceTitle "CBM 123 Extra"]
[Source "ChessBase"]
[SourceDate "2008.05.06"]
[SourceVersion "1"]
[SourceVersionDate "2008.05.06"]
[SourceQuality "1"]

1. d4 d5 2. c4 e6 3. Nf3 Nf6 4. Nc3 Be7 5. Bg5 Nbd7 6. e3 0-0 7. cxd5 exd5 8. Bd3 Re8 9. Qc2 c6 10. h3 Nf8 11. Ne5 N6d7 12. Bf4 Bf6 13. Nf3 Ng6 14. Bg3 Ndf8 15. 0-0 Ne7 16. b4 a6 17. a4 g6 18. e4 dxe4 19. Nxe4 Nd5 20. Nxf6+ Qxf6 21. Be5 Qe7 22. Qc5 Ne6 23. Qxe7 Rxe7 24. b5 axb5 25. axb5 Rxa1 26. Rxa1 Re8 27. bxc6 bxc6 28. Ra8 Nec7 29. Rb8 Be6 30. Rb7 Rc8 31. Ng5 f6 32. Bxc7 fxg5 33. Be5 Nf4 34. Be4 c5 35. Rg7+ Kf8 36. Rxh7 cxd4 37. Rh8+ Ke7 38. Rxc8 Bxc8 39. Bxf4 gxf4 40. Bxg6 Ba6 41. Bh5 Kf6 42. Bd1 Kg5 43. g3 1/2-1/2

[Event "Belgrade Winter op"]
[Site "Belgrade"]
[Date "2007.01.27"]
[Round "4"]
[White "Bogavac, Milic"]
[Black "Jedjini, Pavel"]
[Result "0-1"]
[WhiteElo "1876"]
[BlackElo "1954"]
[PlyCount "101"]
[EventDate "2007.01.24"]
[EventType "swiss"]
[EventRounds "9"]
[EventCountry "YUG"]
[SourceTitle "EXT 2010"]
[Source "ChessBase"]
[SourceDate "2010.11.25"]
[SourceVersion "1"]
[SourceVersionDate "2010.11.25"]
[SourceQuality "1"]

1. e4 d5 2. exd5 Qxd5 3. Nc3 Qd8 4. d4 Nf6 5. Nf3 e6 6. Bd3 Be7 7. Bg5 Nbd7 8. 0-0 0-0 9. Re1 c6 10. a3 b6 11. Ne4 Bb7 12. Qe2 c5 13. dxc5 Bxe4 14. Bxe4 Nxe4 15. Bxe7 Qxe7 16. Qxe4 Qxc5 17. c3 Rfd8 18. Rad1 Nf6 19. Qe5 Qc4 20. Nd2 Qa2 21. Qb5 Qd5 22. Qa6 h6 23. h3 Qd3 24. Nc4 Qc2 25. Rxd8+ Rxd8 26. Qxa7 b5 27. Nd6 Qd2 28. Qxf7+ Kh7 29. Qxe6 Rxd6 30. Qf5+ Kh8 31. Qe5 Rd5 32. Qe2 Qf4 33. Rd1 Re5 34. Rd8+ Kh7 35. Qc2+ g6 36. Rd1 h5 37. f3 h4 38. Qf2 g5 39. Qd4 Qg3 40. Qf2 Qf4 41. Re1 Rd5 42. Qe3 Qg3 43. Rf1 Re5 44. Qd2 Nd5 45. Qf2 Nf4 46. Kh1 Re2 47. Qxg3 hxg3 48. Rb1 Rxg2 49. Re1 Rh2+ 50. Kg1 Ne2+ 51. Kf1 0-1

[Event "Belgrade Winter op"]
[Site "Belgrade"]
[Date "2007.01.25"]
[Round "2"]
[White "Cvetkovic, Nemanja"]
[Black "Jedjini, Pavel"]
[Result "1-0"]
[WhiteElo "2283"]
[BlackElo "1954"]
[PlyCount "76"]
[EventDate "2007.01.24"]
[EventType "swiss"]
[EventRounds "9"]
[EventCountry "YUG"]
[SourceTitle "EXT 2010"]
[Source "ChessBase"]
[SourceDate "2010.11.25"]
[SourceVersion "1"]
[SourceVersionDate "2010.11.25"]
[SourceQuality "1"]

1. d4 d5 2. c4 e6 3. Nc3 Nf6 4. Bg5 Be7 5. Nf3 0-0 6. e3 h6 7. Bh4 Ne4 8. Bxe7 Qxe7 9. Bd3 Nxc3 10. bxc3 dxc4 11. Bxc4 c5 12. 0-0 b6 13. e4 cxd4 14. cxd4 Bb7 15. Re1 Nd7 16. Qb3 Nf6 17. Bd3 Rac8 18. Rad1 Rfd8 19. Bb1 Qc7 20. e5 Nh7 21. Qe3 Qe7 22. Qd3 Nf8 23. Nd2 Qg5 24. Ne4 Bxe4 25. Qxe4 Qe7 26. Re3 Rc7 27. Rg3 Rcd7 28. Qf4 Kh8 29. Rg4 f5 30. exf6 Qxf6 31. Qe4 e5 32. d5 Qe6 33. h3 Rxd5 34. Rxd5 Rxd5 35. Rg3 Rd4 36. Qa8 Qd6 37. Qxa7 g5 38. Bc2 Ne6 1-0

[Event "Belgrade Winter op"]
[Site "Belgrade"]
[Date "2007.01.24"]
[Round "1"]
[White "Jedjini, Pavel"]
[Black "Ivanovic, Nikola"]
[Result "1/2-1/2"]
[WhiteElo "1954"]
[BlackElo "2249"]
[PlyCount "105"]
[EventDate "2007.01.24"]
[EventType "swiss"]
[EventRounds "9"]
[EventCountry "YUG"]
[SourceTitle "EXT 2010"]
[Source "ChessBase"]
[SourceDate "2010.11.25"]
[SourceVersion "1"]
[SourceVersionDate "2010.11.25"]
[SourceQuality "1"]

1. d4 Nf6 2. Nf3 g6 3. e3 Bg7 4. Be2 d6 5. b3 0-0 6. 0-0 c5 7. Bb2 Nc6 8. c4 Bf5 9. a3 Ne4 10. Nbd2 Qb6 11. dxc5 dxc5 12. Bxg7 Kxg7 13. Nxe4 Bxe4 14. Qc1 Rfd8 15. Qc3+ Kg8 16. Rfd1 Rac8 17. Ng5 Bf5 18. g4 Bd7 19. Rd5 f6 20. Rad1 Qc7 21. Ne4 b6 22. h3 Be6 23. Rxd8+ Rxd8 24. Rxd8+ Qxd8 25. b4 f5 26. Ng5 Qd6 27. Nxe6 Qxe6 28. Bf3 Qd6 29. Bd5+ e6 30. Qf6 Nd8 31. gxf5 gxf5 32. Qg5+ Kf8 33. Qh6+ Ke8 34. Bf3 Qe7 35. h4 cxb4 36. axb4 Qxb4 37. Qxh7 Qe7 38. Qh8+ Kd7 39. Qd4+ Qd6 40. Qg7+ Qe7 41. Qd4+ Kc8 42. h5 Nf7 43. Kf1 Ng5 44. Bg2 Qd8 45. Bb7+ Kc7 46. Qg7+ Kb8 47. Ba6 Qd1+ 48. Kg2 Qf3+ 49. Kf1 Qh1+ 50. Ke2 Qxh5+ 51. Kf1 Qd1+ 52. Kg2 Qg4+ 53. Kf1 1/2-1/2

[Event "Belgrade Spring op"]
[Site "Belgrade"]
[Date "2005.04.02"]
[Round "9"]
[White "Pantovic, Dragan M"]
[Black "Jedjini, Pavel"]
[Result "1-0"]
[WhiteElo "2131"]
[BlackElo "1967"]
[PlyCount "54"]
[EventDate "2005.03.25"]
[EventType "swiss"]
[EventRounds "9"]
[EventCountry "YUG"]
[SourceTitle "CBM 105 Extra"]
[Source "ChessBase"]
[SourceDate "2005.05.01"]
[SourceVersion "1"]
[SourceVersionDate "2005.05.01"]
[SourceQuality "1"]

1. d4 d5 2. Nf3 Nf6 3. c4 e6 4. g3 Be7 5. Bg2 0-0 6. 0-0 Nbd7 7. Qc2 c6 8. b3 b6 9. Bb2 Bb7 10. Nbd2 Rc8 11. e4 dxe4 12. Nxe4 Nxe4 13. Qxe4 Nf6 14. Qe2 Qc7 15. Rad1 Rfd8 16. Ne5 c5 17. Bxb7 Qxb7 18. Rd3 cxd4 19. Bxd4 Qe4 20. Qxe4 Nxe4 21. Rfd1 f6 22. Nf3 e5 23. Be3 Kf7 24. Ne1 Ke6 25. f3 Nc5 26. Rxd8 Rxd8 27. Rxd8 Bxd8 1-0

[Event "Belgrade Zimski op"]
[Site "Belgrade"]
[Date "2005.01.28"]
[Round "6"]
[White "Djurdjevic, Petar S"]
[Black "Jedjini, Pavel"]
[Result "0-1"]
[WhiteElo "2056"]
[BlackElo "1967"]
[PlyCount "61"]
[EventDate "2005.01.22"]
[EventType "swiss"]
[EventRounds "9"]
[EventCountry "YUG"]
[SourceTitle "CBM 104 Extra"]
[Source "ChessBase"]
[SourceDate "2005.03.01"]
[SourceVersion "1"]
[SourceVersionDate "2005.03.01"]
[SourceQuality "1"]

1. e4 g6 2. d4 Bg7 3. Nc3 c6 4. Nf3 d6 5. Be2 Bg4 6. 0-0 Nf6 7. h3 Bxf3 8. Bxf3 0-0 9. Be3 Nbd7 10. Ne2 e5 11. c3 Nb6 12. dxe5 dxe5 13. Qb3 Qc7 14. a4 Rfd8 15. c4 Nbd7 16. Rfd1 Bf8 17. g4 Nc5 18. Qc2 Ne6 19. Rab1 a5 20. Bg2 Bc5 21. Qc3 Bxe3 22. Qxe3 Kg7 23. Bf3 h6 24. h4 Rxd1+ 25. Rxd1 Rd8 26. Rd3 c5 27. g5 hxg5 28. hxg5 Nh7 29. Rd5 Nhxg5 30. Bg4 f6 31. Ng3 0-1

[Event "Belgrade Zimski op"]
[Site "Belgrade"]
[Date "2005.01.25"]
[Round "3"]
[White "Petrovic, Milan"]
[Black "Jedjini, Pavel"]
[Result "1-0"]
[WhiteElo "2024"]
[BlackElo "1967"]
[PlyCount "99"]
[EventDate "2005.01.22"]
[EventType "swiss"]
[EventRounds "9"]
[EventCountry "YUG"]
[SourceTitle "CBM 104 Extra"]
[Source "ChessBase"]
[SourceDate "2005.03.01"]
[SourceVersion "1"]
[SourceVersionDate "2005.03.01"]
[SourceQuality "1"]

1. e4 g6 2. Bc4 Bg7 3. f4 e6 4. Nc3 c6 5. Bb3 d5 6. Nf3 dxe4 7. Nxe4 Nf6 8. Nf2 Nbd7 9. d4 0-0 10. 0-0 c5 11. c3 b6 12. Ne5 cxd4 13. Nxf7 Rxf7 14. Bxe6 Nc5 15. Bxf7+ Kxf7 16. cxd4 Nce4 17. Be3 Nxf2 18. Bxf2 Ng4 19. Qf3 Rb8 20. Rad1 Nxf2 21. Rxf2 Qd6 22. Kh1 h5 23. h3 Bf5 24. Re2 Rd8 25. d5 Re8 26. Rxe8 Kxe8 27. Rc1 Bd7 28. a3 Kd8 29. b4 Bh6 30. Rc4 Bb5 31. Re4 Bd7 32. Qc3 b5 33. Qh8+ Bf8 34. Qd4 Bf5 35. Re1 Qb6 36. Qe5 Qd6 37. Qe8+ Kc7 38. Qa8 Bd7 39. Qxa7+ Kd8 40. Qa8+ Kc7 41. Qa7+ Kd8 42. Qd4 Bh6 43. Qh8+ Bf8 44. Kg1 Kc7 45. Qe5 Kd8 46. Kf2 Qb6+ 47. Kf3 Qa6 48. Re3 Qa4 49. Qb8+ Bc8 50. Qb6+ 1-0

[Event "Belgrade Jezero op 10th"]
[Site "Belgrade"]
[Date "2004.08.20"]
[Round "4"]
[White "Jedjini, Pavel"]
[Black "Petrovic, Zoran Z"]
[Result "1/2-1/2"]
[WhiteElo "1971"]
[BlackElo "2159"]
[PlyCount "116"]
[EventDate "2004.08.17"]
[EventType "swiss"]
[EventRounds "9"]
[EventCountry "YUG"]
[SourceTitle "EXT 2005"]
[Source "ChessBase"]
[SourceDate "2004.11.15"]
[SourceVersion "1"]
[SourceVersionDate "2004.11.15"]
[SourceQuality "1"]

1. d4 Nf6 2. Nf3 g6 3. g3 Bg7 4. Bg2 0-0 5. 0-0 d6 6. c4 c5 7. d5 Na6 8. Nc3 Nc7 9. e4 Bg4 10. Qc2 Qc8 11. Bg5 h6 12. Be3 Nd7 13. Nd2 Nf6 14. f4 Bh3 15. Nf3 Rb8 16. a4 a6 17. a5 b5 18. axb6 Rxb6 19. Bd2 Bxg2 20. Kxg2 Qb8 21. Na4 Rb3 22. Bc3 Ng4 23. Qc1 Bxc3 24. bxc3 Qa8 25. h3 Nf6 26. Nd2 Rb7 27. e5 Nd7 28. Ne4 Ne8 29. f5 Kg7 30. fxg6 Nxe5 31. gxf7 Rxf7 32. Rxf7+ Nxf7 33. Qf4 Nf6 34. Rf1 Qd8 35. Rf2 Nh8 36. Nxf6 exf6 37. Nb2 Ng6 38. Qg4 Qd7 39. Qf3 Qf7 40. Nd1 Ne5 41. Qe2 Qg6 42. Ne3 Qe4+ 43. Kh2 Kg6 44. Rf1 Rb1 45. Rxb1 Nf3+ 46. Kh1 Qxb1+ 47. Kg2 Ne5 48. Ng4 h5 49. Nf2 f5 50. h4 Qc1 51. Nh3 Qxc3 52. Nf4+ Kf6 53. Qxh5 Qc2+ 54. Kh3 Ng4 55. Qh8+ Kf7 56. Qh7+ Kf6 57. Qh8+ Kf7 58. Qh7+ Kf6 1/2-1/2